Online
Catalog

Sistemas de informacion : (Record no. 20024)

MARC details
000 -CABECERA
campo de control de longitud fija 00939nam a2200241 a 4500
001 - NÚMERO DE CONTROL
campo de control 000020520
005 - FECHA Y HORA DE LA ÚLTIMA TRANSACCIÓN
campo de control 20200930011125.0
008 - DATOS DE LONGITUD FIJA--INFORMACIÓN GENERAL
campo de control de longitud fija 100322s2004 cu 000 0 spa d
020 ## - NÚMERO INTERNACIONAL ESTÁNDAR DEL LIBRO
Número Internacional Estándar del Libro 959258687X
040 ## - FUENTE DE LA CATALOGACIÓN
Centro catalogador/agencia de origen DO-SdBNP
Lengua de catalogación spa
Centro/agencia transcriptor BNPHU
082 ## - NÚMERO DE LA CLASIFICACIÓN DECIMAL DEWEY
Número de clasificación xxxx
Número de documento/Ítem Si844
245 00 - MENCIÓN DE TÍTULO
Título Sistemas de informacion :
Resto del título principios y aplicaciones /
Mención de responsabilidad, etc. coordinadora Gloria Ponjuán Dante, Mayra M. Mena Mugica, María del Carmen Villardefrancos Álvarez, Magda León Santos, Yohannis Martí Lahera.
260 ## - PUBLICACIÓN, DISTRIBUCIÓN, ETC.
Lugar de publicación, distribución, etc. La Habana, Cuba :
Nombre del editor, distribuidor, etc. Féliz Varela,
Fecha de publicación, distribución, etc. 2004.
300 ## - DESCRIPCIÓN FÍSICA
Extensión 163 p. : ;
Dimensiones 24 cm.
490 0# - MENCIÓN DE SERIE
Mención de serie Colectivo de autores
504 ## - NOTA DE BIBLIOGRAFÍA, ETC.
Nota de bibliografía, etc. Bibliografía p: 159-161
700 1# - PUNTO DE ACCESO ADICIONAL--NOMBRE DE PERSONA
Nombre de persona Ponjuán Dante, Gloria
Término indicativo de función/relación coord.
9 (RLIN) 43216
700 1# - PUNTO DE ACCESO ADICIONAL--NOMBRE DE PERSONA
Nombre de persona Mena Mugica, Mayra M.
9 (RLIN) 43217
700 1# - PUNTO DE ACCESO ADICIONAL--NOMBRE DE PERSONA
Nombre de persona Villardefrancos Álvarez, María del Carmen
9 (RLIN) 43224
700 1# - PUNTO DE ACCESO ADICIONAL--NOMBRE DE PERSONA
Nombre de persona León Santos, Magda
9 (RLIN) 43225
700 1# - PUNTO DE ACCESO ADICIONAL--NOMBRE DE PERSONA
Nombre de persona Martí Lahera, Yohannis
9 (RLIN) 43237
830 #0 - PUNTO DE ACCESO ADICIONAL DE SERIE-TÍTULO UNIFORME
Título uniforme Colectivo de autores
9 (RLIN) 43219
Holdings
Estado de retiro Estado de pérdida Restricciones de uso No para préstamo Código de colección Localización permanente Ubicación/localización actual Ubicación en estantería Fecha de adquisición Número de inventario Total de préstamos Signatura topográfica completa Código de barras Fecha visto por última vez Precio válido a partir de Tipo de ítem Koha
      Excluido de préstamo Monografías: Libros y Folletos General General En catalogación 04.10.2017 LF1   xxxx Si844 20520-10 25.06.2020 25.06.2020 No se presta

Powered by Koha